000 00656nam a2200205 i 4500
001 76847
003 ES-MaACL
005 20250918214857.0
007 t|
008 041005s1945 sp ||||1| spa d
100 1 _aGuillón Ballesteros, Antonio.
_960818
245 1 0 _aNovelistas ingleses contemporáneos
_b: cinco damas y nueve caballeros /
_cRicardo Gullón ; [prólogo de Antonio Marichalar].
260 _aZaragoza :
_bCronos,
_c1945.
300 _a244 p. ;
_c20 cm.
490 1 _aLa pluma
700 1 _aMarichalar, Antonio,
_d1893-1973
_976704
830 0 _aLa pluma
_9183299
852 _aES-MaACL
_jB-10320
_bR.21998
999 _c76847
_d76847